LEADER 01267nam 2200349 n 450 001 996385897703316 005 20221108002905.0 035 $a(CKB)1000000000603435 035 $a(EEBO)2248517524 035 $a(UnM)99869629 035 $a(EXLCZ)991000000000603435 100 $a19940803d1648 uy | 101 0 $aeng 135 $aurbn||||a|bb| 200 10$aTo all the honest, wise, and grave-citizens of London, but more especially to all those that challenge an interest in the Common-Hall$b[electronic resource] 210 $a[London $cs.n.$d1648] 215 $a1 sheet ([1] p.) 300 $aImprint from Wing. 300 $aDated at end: 23. Junii 1648. 300 $aReproduction of the original in the British Library. 330 $aeebo-0018 607 $aLondon (England)$xHistory$y17th century$vEarly works to 1800 607 $aGreat Britain$xHistory$yCivil War, 1642-1649$vEarly works to 1800 700 $aA. L$01001427 801 0$bCu-RivES 801 1$bCu-RivES 801 2$bCStRLIN 801 2$bWaOLN 906 $aBOOK 912 $a996385897703316 996 $aTo all the honest, wise, and grave-citizens of London, but more especially to all those that challenge an interest in the Common-Hall$92402206 997 $aUNISA